Energie /

Main Author: Challoner, Jack
Language: Czech
Published: Martin : Osveta, 1997
Series: Věda na vlastní oči
Physical Description: 64 s. : il. ; 28 cm
Book
Saved in:
LEADER 00830nam a2200265 a 4500
001 000151896
003 CZ BrMZK
005 19970103143423.0
008 970403s1997 xo f cze d
020 |a 80-88824-51-6 
040 |a BOA001  |b cze 
041 1 |a cze  |h eng 
080 |a 620.9  |2 MRF 
100 1 |a Challoner, Jack  |7 xx0016180  |4 aut 
245 1 0 |a Energie /  |c Napsal Jack Challoner ; [překlad z angl.] 
260 |a Martin :  |b Osveta,  |c 1997 
300 |a 64 s. :  |b il. ;  |c 28 cm 
490 1 |a Věda na vlastní oči 
500 |a Vyd. ve spolupráci s Muzeem vědy v Londýně. - Rejstř. 
653 0 |a energie 
765 0 |t Energy 
830 0 |a Věda na vlastní oči 
910 |a BOA001  |b TK-A-0260.602 
990 |a BK 
996 7 |b 2620006535  |c TK-A-0260.602  |l MZK  |r Sklad / do 24 hodin  |n 1  |p kup  |w 000151896  |u 000010  |a 1  |e BOA001  |j MZK50  |s A